000 00907nam a2200265Ia 4500
003 OSt
005 20221005111818.0
006 a|||||r|||| 00| 0
007 ta
008 221004b |||||||| |||| 00| 0 hin d
020 _cIndian Rupees 15.00
024 _a27976
037 _bGift, 24/10/2016,
_cTextual
040 _aCRL
_cCRL
_bhin
041 _2hin
_ahin
082 _aO152,6M83:g, P3
100 _aमिश्र, सत्यदेव
245 0 _aरामचन्द्र शुक्ल
246 _aRāmachandra shukla
260 _aलखनऊ
_bउत्तर प्रदेश हिंदी संस्थान भारत
_c2003
300 _a121पृ0
_ccm.
650 _aहिन्दी साहित्य
942 _hO152,6M83:g, P3
_cTEXL
_2cc
999 _c1022996
_d1022996